LEADER 01296nam a2200277 i 4500 001 000000242894 003 CaOOAMICUS 005 20150618000000.0 008 150618s2014 it u000 u ita u 013 $a221799 020 $a978-88-315-4448-1 040 $aSeMil$bita 100 1 $aMarmion, Columba .$0(OLS)http://semarc/name/90397 245 10$aQuesta č la mia vita :$bantologia dalle Lettere /$cColumba Marmion ; introduzione, traduzione e note di Paolo Maria Gionta. 260 $aMilano :$bPaoline,$c2014. 300 $a484 p. ;$c20 cm. 490 0 $aLetture cristiane del secondo millennio ;$v52 650 4$aMarmion, Columba - Lettere e carteggi.$0(OLS)http://semarc/subject/37946 700 1 $aGionta, Paolo Maria.$0(OLS)http://semarc/name/82053 830 0$aLetture cristiane del secondo millennio ;$v52.$0(OLS)http://semarc/title/7872 850 $aSeMil 852 $aSeMil$W1$xVenegono$y1$m2S VI 252$j193240$B193240$CSeMilBibl$Z2$F205361 $81 961 $aOmaggio: Delpini mons. Mario 996 $6020$a978-88-315-4448-1$9(OLS)http://semarc/number/250438 996 $6245$aQuesta č la mia vita :$bantologia dalle Lettere$9(OLS)http://semarc/title/344702 996 $6260$aMilano :$bPaoline$9(OLS)http://semarc/publisher/29684 LEADER 00980nam a2200205 i 4500 001 000000194039 003 CaOOAMICUS 005 20101103000000.0 008 101103s1933 it u000 u ita u 013 $a172685 040 $aSeMil$bita 245 12$aI santi Aimo e Vermondo Corio e il pių antico documento della loro tradizione (le figure son riprodotte dal manoscritto originale) 260 $a[S.l. :$bs.n.],$c1933. 300 $a47 p. :$bill. ;$c24 cm. 600 04$aAimo : Corio .$0(OLS)http://semarc/subject/36441 600 04$aVermondo : Corio .$0(OLS)http://semarc/subject/36442 850 $aSeMil 852 $aSeMil$W1$xVenegono$y1$m3J III 118$j144613$B144613$CSeMilBibl$Z2$F155944 $81 996 $6245$aI santi Aimo e Vermondo Corio e il pių antico documento della loro tradizione (le figure son riprodotte dal manoscritto originale)$9(OLS)http://semarc/title/279735 996 $6260$a[S.l. :$bs.n.]$9(OLS)http://semarc/publisher/29751